000 00402nam a2200145Ia 4500
005 20260220131337.0
022 _a2664-7737
050 _aJA74 .I58
245 _aInternational Journal of Sociology and Political Science
250 _aVol. 6, No. 1
260 _c2024
300 _aiv, 65 p. ; 24 cm.
650 _aSociology--Nigeria--Periodicals. Sociology--Periodicals. Nigeria--
942 _cSR
_2lcc
999 _c37492
_d37492